Регионална библиотека "Любен Каравелов" - Русе

Спешна медицина (Запис номер 4713)

MARC детайли
000 -Лидер
Контролно поле с фиксирана дължина nam a22 a 4500
003 - Код на организацията, давaща контролен номер
Контролно поле BLK
005 - Дата и час на последна редакция
Контролно поле 20230502153752.0
008 - Елементи от данни с фиксирана дължина
fixed length control field 180412b bul|||||r ||||||| ||bul||
010 ## - Наследен системен номер
LC control number KNG00005870000
040 ## - Източник на каталожния запис
Идентификатор на билиотеката - собственик на записа BLK
041 ## - Код за език
Код за езика на текст/звукозапис или на отделно заглавие Български
Код за езика КДБФ Български
080 ## - УДК
Текстов определител УДК Грижи за болния. Хигиена на болния - Хранене на болния, лична хигиена, сън, покой, термостати за кърмачета, първа помощ, грижи за инвалиди. Вж и 614.88
УДК код - определител по УДК 616-083
УДК определител (075.4)
УДК - код + определител 616-083(075.4)
100 1# - Редна дума - Автор
Автор Караколев, Живко
Авторска отговорност първи автор
R(LIN) 243515
139 ## - Редно поле
Редна дума Караколев, Живко
Авторски знак Карак - К 32
245 10 - Сведения за заглавието
Заглавие Спешна медицина
Подзаглавни данни Уч. помагало
Редно поле (дума) Живко Караколев.
260 ## - Област на издателските данни
Място на издаване, разпространение и проч. [Ст. Загора]
Име на издателя, разпространителя и проч. Изд. авт.
Година на издаване 1993
Печатница (Стара Загора : Литера принт)
300 ## - Физическа характеристика
Страници 282 с.
Илюстрации и др. с ил., табл., сх.
Размери/Мащаб 24 см
380 ## - Жанр
Жанр Медицина
650 #4 - Допълнително описание по предмет – тема
Основно описание – тема или топоним Първа медицинска помощ - учебни помагала
9 (RLIN) 249085
653 ## - Ключова дума – ненормативна
Ключова дума медицина
852 ## - Местоположение
Форматна сигнатура Цб 174213
Фондова буква Хранилище
856 4# - Електронен адрес и достъп
Електронен формат pdf - файл
Път до файла /url/
Инструкция (цена за достъп) 0.00
Права за достъп disable
999 ## - СИСТЕМНИ КОНТРОЛНИ НОМЕРА
Koha biblionumber 4713
Koha biblioitemnumber 4713
942 ## - АРТИКУЛИ
Вид на библиотечния материал Книги
Скрит в OPAC Не
Периодичен библиозапис Да
944 ## - СЪЗДАВАНЕ И РЕДАКЦИЯ на ЗАПИСА
Създаване/Редакция Създаване
Дата на регистрацията/редакция 15.01.2003
Служител, извършил регистрацията/редакцията Валя_Йорданова
944 ## - СЪЗДАВАНЕ И РЕДАКЦИЯ на ЗАПИСА
Създаване/Редакция Редакция
Дата на регистрацията/редакция 2020-06-22
Служител, извършил регистрацията/редакцията Ренета Константинова
999 ## - СИСТЕМНИ КОНТРОЛНИ НОМЕРА
Koha biblioitemnumber 4713
999 ## - СИСТЕМНИ КОНТРОЛНИ НОМЕРА
Koha biblioitemnumber 4713
Наличности
Код за отписване Код за изгубен артикул Източник на класификационната схема Код за повреда Коз за рестрикции Код за отдаване Артикулен № Име на библиотеката - собственик Име на библиотеката, в която се намира в момента Статус (Текущо местоположение) Дата на вписване в системата Местоположение - отдел Цена в лева Инвентарен номер Систематично азбучна сигнатура Баркод Номер на екземпляра Цена в евро Служебен тип на артикула
Изтеглен Не е изгубен Universal Decimal Classification Не е повреден без рестрикции заемане за дома 8365 Регионална библиотека "Любен Каравелов" Русе Регионална библиотека "Любен Каравелов" Русе Заемна - подръчен фонд 2001-01-01 Заемна - подръчен фонд 0.01 609946 П 616-083/К 32 609946 1 0.01 Книги
  Не е изгубен Universal Decimal Classification Не е повреден само за читалня ползва се в читалня 778147 Регионална библиотека "Любен Каравелов" Русе Регионална библиотека "Любен Каравелов" Русе Хранилище 2020-06-24 Хранилище 0.00 582300 Цб 174213 120000582300   0.00 Книги
Vip Innovations Ltd, Rousse, Bulgaria 2025